Chế tạo mô hình bể lọc sinh học hiếu khí có vật liệu lọc ngập trong nước, đánh giá hiệu quả xử lý nước thải giết mổ của mô hình : Luận văn tốt nghiệp đại học. Chuyên ngành Khoa học Môi trường và QLTNTN

Thiết kế mô hình động có thể hoạt động như một hệ thống thật để phục vụ giảng dạy trực quan. Các kết quả thí nghiệm sẽ được dùng như cơ sở dữ liệu thiết kế các bể lọc sinh học có vật liệu lọc ngập nước trong các lò giết mổ....

Full description

Saved in:
Bibliographic Details
Main Author: Phạm, Ngọc Linh
Format: Book
Language:Undetermined
Published: Cần Thơ Trường Đại học Cần Thơ 2010
Subjects:
Tags: Add Tag
No Tags, Be the first to tag this record!
Institutions: Trung tâm Học liệu Trường Đại học Cần Thơ
LEADER 01415nam a2200217Ia 4500
001 CTU_165362
008 210402s9999 xx 000 0 und d
082 |a 628.307 
082 |b L312 
100 |a Phạm, Ngọc Linh 
245 0 |a Chế tạo mô hình bể lọc sinh học hiếu khí có vật liệu lọc ngập trong nước, đánh giá hiệu quả xử lý nước thải giết mổ của mô hình : 
245 0 |b Luận văn tốt nghiệp đại học. Chuyên ngành Khoa học Môi trường và QLTNTN 
245 0 |c Phạm Ngọc Linh, Nguyễn Y Mơ ; Lê Hoàng Việt (Cán bộ hướng dẫn) 
260 |a Cần Thơ 
260 |b Trường Đại học Cần Thơ 
260 |c 2010 
520 |a Thiết kế mô hình động có thể hoạt động như một hệ thống thật để phục vụ giảng dạy trực quan. Các kết quả thí nghiệm sẽ được dùng như cơ sở dữ liệu thiết kế các bể lọc sinh học có vật liệu lọc ngập nước trong các lò giết mổ. 
650 |a Environmental protection,Bảo vệ môi trường,Factory and trade waste,Sewerage 
650 |x Management,Purification 
904 |i Kim Lan, Giang 
980 |a Trung tâm Học liệu Trường Đại học Cần Thơ